Countries of South America With a Borderless Map - Statistics

General Stats
  • This quiz has been taken 146 times
  • The average score is 11 of 12
Answers on the Map
Answers color-coded by a green-red scale on the quiz's map according to % correct below.
 
Answer Stats
Country % Correct
Chile
99%
Brazil
98%
Peru
98%
Argentina
97%
Colombia
97%
Uruguay
97%
Bolivia
96%
Paraguay
96%
Ecuador
93%
Suriname
93%
Venezuela
93%
Guyana
91%
No matching quizzes found
Score Distribution
Percent of People with Each Score
Percentile by Number Answered
Your Score History
You have not taken this quiz